| 000 | 00351pam a2200133a 44500 | ||
|---|---|---|---|
| 008 | 230405s2021 xxu||||| |||| 00| 0 eng d | ||
| 041 | _aENG | ||
| 100 | _aDR ABHISHEK RAHIM/ DR RAGEEB USMAN | ||
| 245 | _aA TEXT BOOK OF HUMAN ANATOMY AMD PHYSIOLOGY | ||
| 250 | _a7 | ||
| 260 |
_aNEW DELHI _bS VIKAS PUBLISHING _c2021 |
||
| 300 | _a71 | ||
| 906 | _a2916 | ||
| 999 |
_c268355 _d268355 |
||